00448nam a2200181 a 4500001001300000003000900013005001700022008004100039020001000080082001500090100001700105245002300122260004500145300000900190500003500199505001300234650001900247nice12345678IN_TiNIC20260116012856.0050524s1938 anba grs 000 0 49g  ac10000a226.8bRAI aRaibran, W M aYesu Ki Tamseelen. aAnbalabNational Christian Councilc1938 a100p aincludes index and biblioraphy2 aAppendix aBible-Parables